000
00318nam a22001337a 4500
008
170922b xxu||||| |||| 00| 0 eng d
020
_a
9780077213992
041
_a
eng
080
_a
37
100
_a
46
101
_a
ARK
245
_a
THE BRIEF GUIDE WRITING FOR COLLEGE, WRITING FOR LIFE
_c
ROEN,D
942
_2
udc
_c
BK
999
_c
29019
_d
29019